[Event "Ch Poland (juniors) (under 14)"]
[Site "Sekocin Stary (Poland)"]
[Date "2010.05.01"]
[Round "1"]
[White "Smolka Marcin (POL)"]
[Black "Jajte-Pachota Maciej (POL)"]
[Result "1-0"]
[WhiteElo "1811"]
[BlackElo "1682"]

1.e4 c6 2.d4 d5 3.Nc3 dxe4 4.Nxe4 Bf5 5.Ng3 Bg6 6.h4 h6 7.f4 e6 8.Nf3 Nf6
9.Ne5 Bh7 10.Bd3 Qxd4 11.c3 Qb6 12.Bxh7 Rxh7 13.Qd3 Bc5 14.Nc4 Qc7 15.b4 Be7
16.O-O Nbd7 17.Be3 O-O-O 18.Qc2 Nb6 19.Nxb6+ axb6 20.a4 Rhh8 21.a5 Nd5 22.axb6
Nxb6 23.Ne4 f5 24.Nc5 Bxc5 25.bxc5 Nd5 26.Bd4 Nxf4 27.Ra8+ Kd7 28.Rxd8+ Rxd8
29.Qd2 Nd5 30.c4 e5 31.cxd5 exd4 32.d6 Qb8 33.Rxf5 b6 34.Rf7+ Ke6 35.Qa2+ Ke5
36.Re7+ Kf5 37.Qf7+ Kg4 38.Re4+ Kg3 39.Qg6# 1-0

[Event "Ch Poland (juniors) (under 14)"]
[Site "Sekocin Stary (Poland)"]
[Date "2010.05.02"]
[Round "2"]
[White "Chmiel Marcin (POL)"]
[Black "Chmielarz Maciej (POL)"]
[Result "1-0"]
[WhiteElo "1870"]
[BlackElo "1766"]

1.e4 c6 2.d4 d5 3.Nc3 dxe4 4.Nxe4 Bf5 5.Ng3 Bg6 6.h4 h6 7.f4 Qc7 8.Nf3 Nd7
9.Bd3 Bxd3 10.Qxd3 Ngf6 11.Ne5 e6 12.Bd2 Rd8 13.O-O-O Be7 14.Ne4 c5 15.Nxf6+
Bxf6 16.Bc3 O-O 17.Qe4 b5 18.dxc5 Nxc5 19.Qe2 a6 20.Bb4 Be7 21.Rh3 Rxd1+
22.Qxd1 Rd8 23.Qh5 Bd6 24.Bxc5 Bxc5 25.Rc3 b4 26.Qxf7+ Qxf7 27.Nxf7 Rd5
28.Nxh6+ gxh6 29.Rg3+ Kf7 30.c3 a5 31.Rf3 Rf5 32.g4 Rd5 33.Kc2 Kg6 34.a3 bxa3
35.bxa3 Rd6 36.f5+ exf5 37.Rxf5 Rc6 38.Kb3 Bb6 39.h5+ Kg7 40.g5 hxg5 41.Rxg5+
Kh6 42.Rd5 Bc7 43.c4 Re6 44.Ka4 Rc6 45.c5 Re6 46.Rd7 Bf4 47.Kxa5 Kxh5 48.Rd5+
Kg6 49.Kb5 Kf6 50.a4 Bc7 51.Rd7 Re7 52.Kc6 Ba5 53.Rd1 Re6+ 54.Kb5 Bc7 55.a5
Ke7 56.a6 Bb8 57.c6 Re3 58.Rd7+ Ke8 59.Rb7 Rb3+ 60.Kc5 Rc3+ 61.Kd5 Rd3+ 62.Kc4
Rd8 63.Kc5 Bf4 64.c7 Bxc7 65.Rxc7 Ra8 66.a7 Rd8 67.Rh7 Rc8+ 68.Kb6 Rd8 69.Rh8+
Kd7 70.Rxd8+ Kxd8 71.a8=Q+ {#r} 1-0

[Event "Ch Poland (juniors) (under 14)"]
[Site "Sekocin Stary (Poland)"]
[Date "2010.05.04"]
[Round "7"]
[White "Kowalczyk Adam (POL)"]
[Black "Siedlanowski Lukasz (POL)"]
[Result "1/2-1/2"]
[WhiteElo "1736"]
[BlackElo "1724"]

1.e4 c6 2.d4 d5 3.Nc3 dxe4 4.Nxe4 Bf5 5.Ng3 Bg6 6.h4 h6 7.f4 e6 8.Nf3 Nd7 9.h5
Bh7 10.Bd3 Bxd3 11.Qxd3 Ngf6 12.Bd2 Bd6 13.Ne5 Qc7 14.O-O-O Rf8 15.Ne4 Nxe4
16.Qxe4 Nf6 17.Qf3 O-O-O 18.Rde1 c5 19.dxc5 Bxc5 20.Qc3 Nd5 21.Qc4 Bd6
22.Qxc7+ Kxc7 23.c4 Nb4 24.Bxb4 Bxb4 25.Rd1 Bd6 26.Rh4 Be7 27.Rg4 Bf6 28.b3
Rxd1+ 29.Kxd1 Kd6 30.Nd3 Rd8 31.Ke2 {#d} 1/2-1/2

[Event "Ch Bulgaria (team)"]
[Site "Albena (Bulgaria)"]
[Round "5"]
[White "Ninov Nikolai (BUL)"]
[Black "Delchev Aleksander (BUL)"]
[Result "1/2-1/2"]
[WhiteElo "2519"]
[BlackElo "2623"]

1.e4 c6 2.d4 d5 3.Nc3 dxe4 4.Nxe4 Bf5 5.Ng3 Bg6 6.h4 h6 7.f4 e6 8.Nf3 Nd7 9.h5
Bh7 10.Bd3 Bxd3 11.Qxd3 Ngf6 12.Bd2 c5 13.Ne4 Qb6 14.O-O-O Nxe4 15.Qxe4 Nf6
16.Qd3 O-O-O 17.dxc5 Bxc5 18.Qc4 Qc7 19.Ne5 Rd4 20.Qe2 Ne4 21.Be1 Rxd1+
22.Kxd1 Rd8+ 23.Kc1 f5 24.Rh3 Bd4 25.Qc4 Qxc4 26.Nxc4 Bf2 27.Bc3 Ng3 28.Bd2 b5
29.Ne5 Ne4 30.Nd3 Bd4 31.Be3 Kc7 32.Bxd4 Rxd4 33.Re3 a5 34.c3 Rd6 35.Kc2 Kb6
36.g4 Nf6 37.gxf5 exf5 38.Re5 Nxh5 39.Rxf5 Nf6 40.a4 Rd5 41.Rxd5 Nxd5 42.axb5
Kxb5 43.b3 Ne3+ 44.Kd2 Nf5 45.c4+ Kc6 46.b4 axb4 47.Nxb4+ Kd6 48.Nd3 Ke6
49.Ke2 Nd6 50.Ne5 Kf5 51.Ke3 Nb7 52.Nd3 h5 53.c5 Nd8 54.Nb4 Ne6 55.c6 h4
56.Kf3 g6 57.Nc2 {#d} 1/2-1/2

[Event "Ch Hungary (juniors) (under 12)"]
[Site "Budapest (Hungary)"]
[Date "2010.07.03"]
[Round "8"]
[White "Ruck Robert (HUN)"]
[Black "Zsembery Aron (HUN)"]
[Result "1-0"]
[WhiteElo "2555"]
[BlackElo "1855"]

1.e4 c6 2.d4 d5 3.Nc3 dxe4 4.Nxe4 Bf5 5.Ng3 Bg6 6.h4 h6 7.f4 Nf6 8.Nf3 Nbd7
9.h5 Bh7 10.Bd3 Bxd3 11.Qxd3 Qc7 12.Ne5 e6 13.Bd2 Nb6 14.O-O Bd6 15.Rae1 O-O-O
16.b4 c5 17.bxc5 Bxc5 18.c3 Rd5 19.Qe2 Ba3 20.Rb1 Rhd8 21.Be3 Ra5 22.c4 Bf8
23.Rfc1 Ra4 24.Rb5 a6 25.Rb3 Rb4 26.Rxb4 Bxb4 27.c5 Nbd5 28.Bd2 a5 29.c6 b6
30.Qa6+ Kb8 31.Bxb4 Nxb4 32.Qc4 Nbd5 33.Qa6 Nxf4 34.Rb1 N4d5 35.Qxa5 Rd6
36.Qa6 Qa7 37.Qxa7+ Kxa7 38.Rc1 Nc7 39.Ne2 Nxh5 40.Nxf7 Rd5 41.Ne5 Nf6 42.Rb1
Rb5 43.Rc1 Rd5 44.Kf2 Kb8 45.Rb1 Rb5 46.Rc1 Rd5 47.Ke3 Nb5 48.Nc4 Kc7 49.Nf4
Nd6 50.Nxd5+ exd5 51.Nxd6 Kxd6 {#r} 1-0

[Event "Ch Vojvodina"]
[Site "Novi Sad (Serbia)"]
[Date "2010.07.30"]
[Round "7"]
[White "Markovic Marko (SRB)"]
[Black "Bodiroga Predrag (SRB)"]
[Result "1-0"]
[WhiteElo "2326"]
[BlackElo "2398"]

1.e4 c6 2.d4 d5 3.Nd2 dxe4 4.Nxe4 Bf5 5.Ng3 Bg6 6.h4 h6 7.f4 e6 8.Nf3 Nf6
9.Ne5 Bh7 10.Bc4 Bd6 11.Qe2 O-O 12.Be3 Nd5 13.O-O-O f6 14.Bd3 fxe5 15.Bxh7+
Kxh7 16.dxe5 Be7 17.c4 Qe8 18.cxd5 cxd5 19.h5 Nc6 20.Kb1 Rc8 21.Rc1 Kh8 22.Qg4
Qf7 23.Rhd1 b6 24.Ne2 Bc5 25.Bd2 a5 26.Qh3 Ne7 27.g4 d4 28.Rf1 Nd5 29.f5 Bb4
30.Bxb4 Rxc1+ 31.Nxc1 Nxb4 32.Nd3 exf5 33.Nxb4 axb4 34.Rxf5 Qe7 35.Rxf8+ Qxf8
36.Qd3 Qf4 37.Qf5 Qd2 38.Qc8+ Kh7 39.Qc2+ {#r} 1-0

[Event "Tournament (open) (c)"]
[Site "Medellin (Colombia)"]
[Date "2010.08.07"]
[Round "6"]
[White "Arias Braulio (COL)"]
[Black "Mosquera Vidal Jhon (COL)"]
[Result "1-0"]
[WhiteElo "1990"]
[BlackElo "1845"]

1.e4 c6 2.d4 d5 3.Nc3 dxe4 4.Nxe4 Bf5 5.Ng3 Bg6 6.h4 h6 7.f4 e6 8.Nf3 Nd7 9.h5
Bh7 10.Bd3 Bxd3 11.Qxd3 Ngf6 12.Ne5 Bd6 13.Bd2 Qc7 14.O-O-O O-O 15.Ne4 Nxe4
16.Qxe4 Nf6 17.Qe2 Rac8 18.Kb1 c5 19.dxc5 Bxc5 20.g4 Bd4 21.c3 Nd5 22.cxd4
Qc2+ 23.Ka1 Nxf4 24.Qf2 f6 25.Qxf4 fxe5 26.Qxe5 Rf2 27.Qxe6+ Kh8 28.Rc1 {#r}
1-0

[Event "Ch Europe (juniors) (under 16)"]
[Site "Batumi (Georgia)"]
[Date "2010.09.21"]
[Round "2"]
[White "Krzyzanowski Marcin (POL)"]
[Black "Toronjadze Robert (GEO)"]
[Result "1-0"]
[WhiteElo "2356"]
[BlackElo "1633"]

1.e4 c6 2.d4 d5 3.Nc3 dxe4 4.Nxe4 Bf5 5.Ng3 Bg6 6.h4 h6 7.f4 e6 8.Nf3 Nd7
9.Bd3 Bxd3 10.Qxd3 Qc7 11.Bd2 Ngf6 12.O-O-O O-O-O 13.Qe2 c5 14.dxc5 Bxc5
15.Kb1 Nd5 16.Ne4 Bb6 17.g3 Rhe8 18.c4 N5f6 19.Nc3 a6 20.Rc1 Kb8 21.b4 Ba7
22.c5 Ka8 23.Be3 Nd5 24.Nxd5 exd5 25.Qd3 Nb8 26.a4 Re4 27.Bd2 a5 28.bxa5 Bxc5
29.Rhe1 Qe7 30.Qb5 Na6 31.Ne5 Ba7 32.Bc3 f6 33.Nd3 Qd7 34.Bb2 Rxe1 35.Rxe1 Qd6
36.Rc1 Nc7 37.Qb3 Ne6 38.Ba3 Qd7 39.Qb5 Nd4 40.Qxd7 Rxd7 41.Rc8+ Bb8 42.Bc5
Ne2 43.Bb6 Nc3+ {#r} 1-0

[Event "Ch Hungary (team) 2010/11"]
[Site "Hungary"]
[Date "2010.11.21"]
[Round "3"]
[White "Horvath Tamas (HUN)"]
[Black "Tatar Kis Szabolcs (HUN)"]
[Result "1-0"]
[WhiteElo "2414"]
[BlackElo "2376"]

1.e4 c6 2.d4 d5 3.Nd2 dxe4 4.Nxe4 Bf5 5.Ng3 Bg6 6.h4 h6 7.f4 e6 8.Nf3 Nd7 9.h5
Bh7 10.Bd3 Bxd3 11.Qxd3 Ngf6 12.Bd2 Qc7 13.Ne5 c5 14.O-O-O cxd4 15.Qxd4 Rc8
16.c3 Bc5 17.Qa4 O-O 18.Nxd7 Nxd7 19.Ne4 f5 20.Nxc5 Nxc5 21.Qc2 Ne4 22.Be3 b5
23.Qb3 Kh8 24.Kb1 a5 25.Qxe6 Rfe8 26.Qb6 Qf7 27.Bd4 b4 28.Qxh6+ Kg8 29.Qg6
bxc3 30.Qxf7+ Kxf7 31.bxc3 Nxc3+ 32.Bxc3 Rxc3 33.Rd5 Kf6 34.Rxa5 Re2 35.h6
gxh6 36.Rxh6+ Kg7 37.Rb6 Rc7 38.Rxf5 Rd7 39.Rc5 Rd1+ 40.Rc1 Rxc1+ 41.Kxc1 Rxa2
42.Rb2 Ra1+ 43.Kd2 {#r} 1-0

[Event "Cup Russia (team)"]
[Site "Izhevsk (Russia)"]
[Date "2010.11.22"]
[Round "3"]
[White "Belyakov Bogdan (RUS)"]
[Black "Pushin Vladimir (RUS)"]
[Result "1-0"]
[WhiteElo "2254"]
[BlackElo "2389"]

1.e4 c6 2.d4 d5 3.Nc3 dxe4 4.Nxe4 Bf5 5.Ng3 Bg6 6.h4 h6 7.f4 e6 8.Nf3 Nf6
9.Ne5 Bh7 10.Bc4 Nbd7 11.O-O Nxe5 12.fxe5 Nd5 13.Qf3 Qe7 14.Bb3 a5 15.c4 Nb4
16.a3 Nd3 17.c5 Nxc1 18.Raxc1 Rd8 19.Rcd1 Rd7 20.Ne2 Qd8 21.g3 Bf5 22.g4 Bh7
23.h5 Qg5 24.Ng3 Kd8 25.Ba4 Be7 26.b4 axb4 27.axb4 f6 28.b5 fxe5 29.bxc6 bxc6
30.Qxc6 Qe3+ 31.Kh2 Rxd4 32.Rf3 Rd2+ 33.Kh3 Qg5 34.Rd3+ {#r} 1-0

[Event "Ch Russia (1 liga) (w)"]
[Site "Ivanovo (Russia)"]
[Date "2011.02.26"]
[Round "6"]
[White "Semenova Elena (RUS)"]
[Black "Khvorostova Anna (RUS)"]
[Result "1/2-1/2"]
[WhiteElo "1889"]
[BlackElo "1951"]

1.e4 c6 2.d4 d5 3.Nc3 dxe4 4.Nxe4 Bf5 5.Ng3 Bg6 6.h4 h6 7.f4 Nf6 8.Nf3 Nbd7
9.h5 Bh7 10.Bd3 Bxd3 11.Qxd3 Qc7 12.Bd2 O-O-O 13.O-O-O e6 14.Ne5 Nxe5 15.fxe5
Nd7 16.Qf3 Nb6 17.Ba5 Rd5 18.Bxb6 axb6 19.Ne4 c5 20.dxc5 bxc5 21.Nc3 Rxe5
22.Nb5 Qa5 23.c4 Be7 24.Rd7 Bg5+ 25.Kc2 Re2+ 26.Qxe2 Kxd7 27.Qd3+ Kc8 28.Nd6+
Kb8 29.Nxf7 Re8 30.Qd6+ Ka8 31.Rh3 Qa4+ 32.Kb1 Be7 33.Qd3 Rf8 34.Qe2 Qc6
35.Ra3+ Kb8 36.Qe5+ Kc8 37.Ra8+ Kd7 38.Qf4 Rxf7 39.Qxf7 Qe4+ 40.Kc1 Qe1+
41.Kc2 Qe2+ 42.Kc3 Qe3+ 43.Kc2 Qe2+ 44.Kc3 Qe3+ {#d} 1/2-1/2

[Event "Tournament (open)"]
[Site "Dunaujvaros (Hungary)"]
[Date "2011.03.13"]
[Round "3"]
[White "Albrecht Gabor (HUN)"]
[Black "Horvath Imre_ (HUN)"]
[Result "0-1"]
[WhiteElo "2105"]
[BlackElo "2269"]

1.e4 c6 2.d4 d5 3.Nc3 dxe4 4.Nxe4 Bf5 5.Ng3 Bg6 6.h4 h6 7.f4 e6 8.Nf3 Nd7 9.h5
Bh7 10.Bd3 Bxd3 11.Qxd3 Ngf6 12.Bd2 Qc7 13.Ne5 c5 14.c3 Be7 15.O-O-O cxd4
16.Qxd4 Bc5 17.Qa4 O-O 18.Kb1 b5 19.Qxb5 Nxe5 20.fxe5 Qxe5 21.Qd3 Rad8 22.Qf3
Qd5 23.Qxd5 Rxd5 24.Kc2 Bf2 25.Ne2 Rxh5 26.Rxh5 Nxh5 27.c4 Rc8 28.b3 Ng3
29.Nf4 g5 30.Nd3 Bd4 31.Bb4 Nf5 32.Bd2 e5 33.g4 Nd6 34.Bb4 Nb7 35.Be7 Kg7
36.Nb4 Bc5 37.Rd7 Bxb4 38.Bxb4 Rb8 39.Bc3 Kf6 40.Rc7 Nd8 41.Rxa7 h5 42.Ra6+
Ne6 43.Ra5 Nd4+ 44.Bxd4 exd4 45.gxh5 g4 46.Rd5 g3 47.Rxd4 Kg5 48.Rd2 f5 49.Kd1
f4 50.Ke2 Kg4 51.Rd6 Re8+ 52.Kf1 f3 53.Rd4+ Kh3 54.Rd3 Kh2 {#R} 0-1

[Event "Regionalliga SVM 2010/11"]
[Site "Germany"]
[Date "2011.04.10"]
[Round "8"]
[White "Strowitzki Bernhard"]
[Black "Arlt Klaus (GER)"]
[Result "0-1"]
[WhiteElo "1444"]
[BlackElo "2044"]

1.e4 c6 2.Nc3 d5 3.d4 dxe4 4.Nxe4 Bf5 5.Ng3 Bg6 6.h4 h6 7.f4 e6 8.Nf3 Nd7 9.h5
Bh7 10.Bd3 Bxd3 11.Qxd3 Qc7 12.Be3 O-O-O 13.Ne4 Ngf6 14.Nf2 Nd5 15.g3 Nxe3
16.Qxe3 Qa5+ 17.Qd2 Bb4 18.c3 Be7 19.a4 Qd5 20.Ke2 Nf6 21.Ne5 Rhf8 22.b4 Kb8
23.Ke3 Nd7 24.c4 Nxe5 25.cxd5 Nc4+ 26.Kd3 Nxd2 27.Kxd2 Bxb4+ 28.Kd3 Rxd5
29.Kc4 a5 30.g4 Rfd8 31.Rad1 b5+ 32.axb5 cxb5+ 33.Kd3 Rxd4+ 34.Ke3 Rxd1
35.Nxd1 a4 36.Nb2 Bd2+ 37.Ke4 Bc3 38.Nd3 a3 39.Nc1 Rd2 40.Rh3 b4 41.Nb3 a2
42.Rd3 a1=Q 43.Nxa1 Rxd3 44.Kxd3 Bxa1 45.Kc2 Kc7 46.Kb3 Bc3 47.Kc4 Kd6 48.Kd3
Kd5 49.g5 f6 50.Kc2 fxg5 {#R} 0-1

[Event "Ch Russia (active) (w)"]
[Site "Olginka (Russia)"]
[Date "2011.04.26"]
[Round "9"]
[White "Semenova Elena (RUS)"]
[Black "Romanko-Guseva Marina (RUS)"]
[Result "1/2-1/2"]
[WhiteElo "1889"]
[BlackElo "2409"]

1.e4 c6 2.d4 d5 3.Nc3 dxe4 4.Nxe4 Bf5 5.Ng3 Bg6 6.h4 h6 7.f4 e6 8.h5 Bh7 9.Nf3
Nf6 10.Bd3 Bxd3 11.Qxd3 c5 12.Be3 Nc6 13.O-O-O Qa5 14.Kb1 Nd5 15.Bd2 Qb6 16.f5
O-O-O 17.fxe6 fxe6 18.Qe4 Nxd4 19.Rhe1 Nxf3 20.Qxf3 c4 21.Bc3 Bb4 22.Bxb4 Qxb4
23.c3 Qb6 24.Ne2 Nf6 25.Nd4 Rhe8 26.Re5 Rd5 27.Rde1 Rxe5 28.Rxe5 Qd6 29.Qe2
Kd7 30.Nb5 Qb8 31.Qd2+ Ke7 32.Qd4 Rd8 33.Qc5+ Kf7 34.Re2 a6 35.Nd4 b5 36.Nxe6
Re8 37.Nd4 Rxe2 38.Nxe2 Qe8 39.Qf2 Kg8 40.Qf3 Qe5 41.Nf4 Qe1+ 42.Kc2 Ne4
43.Ng6 Qd2+ 44.Kb1 Qe1+ 45.Kc2 Qd2+ 46.Kb1 Qd3+ 47.Qxd3 cxd3 48.Ne5 Ng3
49.Nxd3 Nxh5 50.Nb4 Nf4 51.g3 Nh5 52.Nxa6 Nxg3 53.Nc5 h5 54.Nd3 h4 55.Nf2 g5
56.c4 bxc4 57.a4 Nf5 58.a5 Nd4 59.a6 Nc6 60.Kc1 Kf7 61.Kd2 Ke6 62.Ke3 Kf5
63.Kf3 Nd4+ 64.Ke3 Nb5 65.Kf3 Ke5 66.Ke3 Kd5 67.Ne4 h3 68.Nf6+ Kc5 69.Kf3 Kb6
70.Ne4 Nd4+ 71.Kg3 Ne6 72.Kxh3 Kxa6 73.Kg4 Kb5 74.Kf5 Kb4 75.Kxe6 Kb3 76.Nd2+
Kxb2 77.Nxc4+ {#d} 1/2-1/2

[Event "Ch Hungary (juniors) (under 16)"]
[Site "Celldoemoelk (Hungary)"]
[Date "2011.06.29"]
[Round "3"]
[White "Bagi Mate (HUN)"]
[Black "Becskei Zoltan (HUN)"]
[Result "1-0"]
[WhiteElo "2309"]
[BlackElo "2208"]

1.e4 c6 2.d4 d5 3.Nc3 dxe4 4.Nxe4 Bf5 5.Ng3 Bg6 6.h4 h6 7.f4 e6 8.Nf3 Nd7 9.h5
Bh7 10.Bd3 Bxd3 11.Qxd3 Qc7 12.Bd2 O-O-O 13.Qe2 Ngf6 14.Ne5 Nb6 15.c3 c5 16.a4
Nbd5 17.a5 Rg8 18.O-O g6 19.hxg6 fxg6 20.b4 g5 21.f5 Nf4 22.Bxf4 gxf4 23.Ne4
Nd5 24.bxc5 Ne3 25.Rf2 exf5 26.Nf6 Rg5 27.a6 Bg7 28.axb7+ Qxb7 29.c6 Qb6
30.Nfd7 Rxd7 31.cxd7+ {#r} 1-0

[Event "Ch Vojvodina (open)"]
[Site "Novi Sad (Serbia)"]
[Date "2011.07.24"]
[Round "2"]
[White "Kozomora Dragan (SRB)"]
[Black "Jovic Stevan (SRB)"]
[Result "0-1"]
[WhiteElo "2072"]
[BlackElo "2292"]

1.e4 c6 2.d4 d5 3.Nc3 dxe4 4.Nxe4 Bf5 5.Ng3 Bg6 6.h4 h6 7.f4 e6 8.Nf3 Be7 9.h5
Bh7 10.Bd3 Bxd3 11.Qxd3 Nf6 12.Bd2 c5 13.O-O-O Nc6 14.f5 Qd6 15.Ne4 Nxe4
16.Qxe4 cxd4 17.Bf4 exf5 18.Qxf5 Qc5 19.Qxc5 Bxc5 20.Rhe1+ Kf8 21.c3 dxc3
22.bxc3 Rd8 23.Kc2 Rxd1 24.Rxd1 Ke7 25.Re1+ Kd8 26.Ne5 Nxe5 27.Bxe5 f6 28.Bd4
Bxd4 29.Rd1 Ke7 30.cxd4 Rd8 31.Kc3 Rd5 32.Re1+ Kd6 33.g4 Ra5 34.Re8 Ra3+
35.Kc4 Rxa2 36.Rg8 Rc2+ 37.Kb5 Rc7 38.Rd8+ Rd7 39.Ra8 Kd5 40.Rxa7 Kxd4 41.Ra4+
Ke3 42.Kc5 Re7 43.Kd5 Re5+ 44.Kd6 b5 45.Rb4 Kd3 46.Kc6 Kc3 {#R} 0-1

[Event "Ch Hungary (team) 2011/12"]
[Site "Hungary"]
[Date "2011.09.25"]
[Round "1"]
[White "Bagi Mate (HUN)"]
[Black "Eperjesi Laszlo Dr (HUN)"]
[Result "1-0"]
[WhiteElo "2309"]
[BlackElo "2199"]

1.e4 c6 2.d4 d5 3.Nc3 dxe4 4.Nxe4 Bf5 5.Ng3 Bg6 6.h4 h6 7.f4 e6 8.Nf3 Nd7 9.h5
Bh7 10.Bd3 Bxd3 11.Qxd3 Ngf6 12.Bd2 Qb6 13.O-O-O Bb4 14.c3 Bd6 15.Ne5 O-O
16.Nxd7 Nxd7 17.Ne4 Be7 18.g4 f5 19.Nf2 Qa5 20.Qc4 Qd5 21.Qxd5 exd5 22.Rde1
Rae8 23.g5 hxg5 24.fxg5 Bd6 25.h6 gxh6 26.Reg1 h5 27.Rxh5 Re2 28.g6 Nf6
29.Rxf5 Kg7 30.Bh6+ Kxh6 31.g7 {#r} 1-0

[Event "Cup RGSU (students) (w)"]
[Site "Moscow (Russia)"]
[Date "2012.02.04"]
[Round "8"]
[White "Szczepkowska Karina (POL)"]
[Black "Pustovoitova Daria (RUS)"]
[Result "1/2-1/2"]
[WhiteElo "2377"]
[BlackElo "2303"]

1.e4 c6 2.d4 d5 3.Nd2 dxe4 4.Nxe4 Bf5 5.Ng3 Bg6 6.h4 h6 7.f4 e6 8.Nf3 Nd7 9.h5
Bh7 10.Bd3 Bxd3 11.Qxd3 Ngf6 12.Bd2 Qc7 13.O-O-O c5 14.Kb1 cxd4 15.Nxd4 Bc5
16.Nb3 O-O 17.Ne4 Rfd8 18.c4 Be7 19.Nxf6+ Nxf6 20.Qe2 Rac8 21.Rc1 {#d} 1/2-1/2

[Event "Ch Czech Republic (juniors) (under 16)"]
[Site "Kouty nad Desnou (Czech Republic)"]
[Date "2012.03.10"]
[Round "1"]
[White "Pavelek Tomas (CZE)"]
[Black "Kanak Filip"]
[Result "1-0"]
[WhiteElo "1978"]
[BlackElo "1753"]

1.e4 c6 2.d4 d5 3.Nc3 dxe4 4.Nxe4 Bf5 5.Ng3 Bg6 6.h4 h6 7.f4 e6 8.h5 Bh7 9.Nf3
Nf6 10.Bd3 Bxd3 11.Qxd3 Be7 12.Bd2 Nbd7 13.O-O-O O-O 14.f5 Bd6 15.Rh3 Qc7
16.fxe6 Bxg3 17.exd7 Bf4 18.Rg1 Bxd2+ 19.Qxd2 Qxd7 20.Ne5 Qe6 21.Rb3 b6 22.g4
Ne4 23.Qf4 Ng5 24.Nf3 Nxf3 25.Rxf3 Qxa2 26.Ra3 Qd5 27.g5 hxg5 28.Rxg5 Qh1+
29.Kd2 Rfe8 30.Rag3 Qe1+ 31.Kd3 Qe2+ 32.Kc3 Qe1+ 33.Kb3 Qe6+ 34.d5 cxd5
35.Rxg7+ Kh8 36.Rxf7 d4+ 37.Ka3 Rad8 38.Rgg7 Qe3+ 39.Qxe3 dxe3 40.Rh7+ Kg8
41.Rfg7+ Kf8 42.h6 Re7 43.Rh8# 1-0

[Event "Ch Czech Republic (juniors) (under 16)"]
[Site "Kouty nad Desnou (Czech Republic)"]
[Date "2012.03.16"]
[Round "8"]
[White "Pavelek Tomas (CZE)"]
[Black "Toman Ondrej"]
[Result "0-1"]
[WhiteElo "1978"]
[BlackElo "1872"]

1.e4 c6 2.d4 d5 3.Nc3 dxe4 4.Nxe4 Bf5 5.Ng3 Bg6 6.h4 h6 7.f4 Nf6 8.h5 Bh7
9.Nf3 e6 10.Bd3 Bxd3 11.Qxd3 Nbd7 12.Bd2 Qc7 13.O-O-O O-O-O 14.Qe2 Nd5 15.Ne5
Nxe5 16.dxe5 Bc5 17.Ne4 Qb6 18.Rh3 Be7 19.Rb3 Qc7 20.Qg4 Rhg8 21.c4 Nb6 22.c5
Nd5 23.Qe2 f6 24.Nd6+ Bxd6 25.exd6 Qf7 26.Rf1 Rge8 27.Rg3 Rd7 28.Qg4 e5 29.f5
b6 30.Qa4 Kb8 31.Rb3 Rb7 32.g4 Rc8 33.Rff3 bxc5 34.Rxb7+ Qxb7 35.Rb3 Nb6
36.Qa5 c4 37.Re3 Nd5 38.Re4 Nb6 39.Be3 c5 40.d7 Qxd7 41.Bxc5 Qc6 42.Bxb6 axb6
43.Qe1 Kb7 44.Qe3 Qd5 45.Kc2 Rc5 46.Qe2 Qc6 47.Kc3 b5 48.a3 Rd5 49.Re3 Qc5
50.Qf3 Kb6 51.Qe2 Qd4+ 52.Kc2 Kc5 53.b3 {#R} 0-1

[Event "Steirische Liga 2011/12"]
[Site "Austria"]
[Date "2012.05.05"]
[Round "11"]
[White "Horvath Tamas (HUN)"]
[Black "Kastner Walter (AUT)"]
[Result "1-0"]
[WhiteElo "2440"]
[BlackElo "2221"]

1.e4 c6 2.d4 d5 3.Nd2 dxe4 4.Nxe4 Bf5 5.Ng3 Bg6 6.h4 h6 7.f4 e6 8.Nf3 Nf6 9.h5
Bh7 10.Bd3 Bxd3 11.Qxd3 Qa5+ 12.Bd2 Qa6 13.c4 Nbd7 14.O-O Bd6 15.Ne5 O-O
16.Nxd7 Nxd7 17.Ne4 Be7 18.f5 exf5 19.Ng3 Rfd8 20.Nxf5 Bf8 21.Nxh6+ gxh6
22.Rxf7 Kxf7 23.Qg6+ Ke7 24.Qh7+ Kd6 25.Bf4+ Ne5 26.Bxe5+ Ke6 27.Rf1 Be7
28.Qf5# 1-0

[Event "Match \"]
[Site "Ankara (Turkey)"]
[Date "2012.05.14"]
[Round "3"]
[White "Ali Marandi Cemil Can (TUR)"]
[Black "Seraoui Mohcen (ALG)"]
[Result "1-0"]
[WhiteElo "2315"]
[BlackElo "2196"]

1.e4 c6 2.d4 d5 3.Nc3 dxe4 4.Nxe4 Bf5 5.Ng3 Bg6 6.h4 h6 7.f4 e6 8.Nf3 Nd7 9.h5
Bh7 10.Bd3 Bxd3 11.Qxd3 Ngf6 12.Bd2 Bd6 13.O-O-O Qc7 14.Ne5 Rf8 15.Ne4 Nxe4
16.Qxe4 O-O-O 17.Rh3 f5 18.Qe3 Nf6 19.Qb3 Rfe8 20.Qa4 Ne4 21.Qxa7 Nf2 22.Nc4
Kd7 23.Rg3 g5 24.Nxd6 Kxd6 25.Rf1 Ne4 26.fxg5 Nxd2 27.Kxd2 Kd7 28.Rb3 Kc8
29.Qa8+ Qb8 30.Qxb8+ Kxb8 31.g6 Rxd4+ 32.Ke2 Rg4 33.Kf2 Rd8 34.Rd3 Rxd3
35.cxd3 Rh4 36.Rh1 Rf4+ 37.Ke3 Rg4 38.Kf3 Kc7 39.Rh3 Rd4 40.Ke3 Rd8 41.Rg3 Kd6
42.g7 Rg8 43.Kf4 Kd5 44.Rg6 b5 45.a3 c5 46.g3 Kd6 47.b3 Kd5 48.Ke3 e5 49.a4
bxa4 50.bxa4 c4 51.dxc4+ Kxc4 52.a5 Kd5 53.a6 e4 54.a7 Ke5 55.a8=Q Rxa8
56.g8=Q {#r} 1-0

[Event "It (open)"]
[Site "Bussum (Netherlands)"]
[Date "2012.05.26"]
[Round "3"]
[White "Van Den Bergh Ben (NED)"]
[Black "Lindeman Johan (NED)"]
[Result "1/2-1/2"]
[WhiteElo "2012"]
[BlackElo "2018"]

1.e4 c6 2.d4 d5 3.Nc3 dxe4 4.Nxe4 Bf5 5.Ng3 Bg6 6.h4 h6 7.f4 e6 8.Nf3 Bd6 9.h5
Bh7 10.Bd3 Bxd3 11.Qxd3 Nf6 12.Bd2 Qc7 13.Ne5 O-O 14.O-O-O Nbd7 15.Rhf1 Rad8
16.Qf3 c5 17.Nxd7 Rxd7 18.dxc5 Bxc5 19.Ne4 Nxe4 20.Qxe4 Rd4 21.Qf3 Bd6 22.g3
Rc8 23.Bc3 Rxd1+ 24.Rxd1 Bb4 25.Rd3 Qc5 26.Qd1 Qa5 27.Bxb4 Qxb4 28.Rd8+ {#d}
1/2-1/2

[Event "Ch Poland (team) (juniors) (extraliga)"]
[Site "Suchedniow (Poland)"]
[Round "2"]
[White "Chomczyk Marek (POL)"]
[Black "Wacior Maciej (POL)"]
[Result "1/2-1/2"]
[WhiteElo "1891"]
[BlackElo "1650"]

1.e4 c6 2.d4 d5 3.Nc3 dxe4 4.Nxe4 Bf5 5.Ng3 Bg6 6.h4 h6 7.f4 e6 8.Nf3 Nd7
9.Bc4 Ngf6 10.Qe2 Be7 11.Bb3 O-O 12.c3 c5 13.Bc2 Bxc2 14.Qxc2 cxd4 15.Nxd4 Nd5
16.Nf3 Qc7 17.Ne2 Bd6 18.g3 Qc4 19.b3 Nb4 20.Qb1 Qd3 21.Qxd3 Nxd3+ 22.Kd2 Nf2
23.Rf1 Ne4+ 24.Kc2 Rac8 25.Be3 a6 26.Rad1 Rc7 27.Nd2 Nxd2 28.Rxd2 Be7 29.f5 e5
30.Kb2 Nf6 31.Rfd1 Re8 32.Bb6 Rcc8 33.c4 Rc6 34.Bd8 Rc8 35.Bxe7 Rxe7 36.Rd8+
Re8 37.R8d6 Kf8 38.a4 Ke7 39.Nc3 Red8 40.Rxd8 Rxd8 41.Rxd8 Kxd8 42.Kc2 Kd7
43.Kd3 Kd6 44.b4 b6 45.Ne2 Ng4 46.Nc3 Nf6 47.Nd1 Ng4 48.Nc3 Nf6 49.Ne2 Ng4
50.Nc3 {#d} 1/2-1/2

[Event "It (open)"]
[Site "Pardubice (Czech Republic)"]
[Date "2012.07.21"]
[Round "2"]
[White "Semenova Elena (RUS)"]
[Black "Seger Ruediger (GER)"]
[Result "0-1"]
[WhiteElo "2132"]
[BlackElo "2378"]

1.e4 c6 2.d4 d5 3.Nc3 dxe4 4.Nxe4 Bf5 5.Ng3 Bg6 6.h4 h6 7.f4 e6 8.h5 Bh7 9.Nf3
Nd7 10.Bd3 Bxd3 11.Qxd3 Ngf6 12.Bd2 Qc7 13.Ne5 c5 14.O-O-O cxd4 15.Qxd4 Bc5
16.Qc4 Rc8 17.Ne4 b5 18.Qd3 Nxe4 19.Qxe4 f5 20.Qd3 Nxe5 21.fxe5 a6 22.g4 O-O
23.g5 hxg5 24.h6 Rf7 25.Bxg5 g6 26.Bf6 Kh7 27.Rh2 Qc6 28.a3 a5 29.Qg3 Qe4
30.Re1 f4 31.Rxe4 fxg3 32.Rg2 Bf2 33.Bh4 Kxh6 34.Bxg3 Bxg3 35.Rxg3 g5 36.Re2
Rd8 37.b3 Kg6 38.Rc3 Rd5 39.Rc6 Rf1+ 40.Kb2 Kf5 41.Rc8 Rf4 42.Rf8+ Kg4 43.Rh8
Rf5 44.c4 bxc4 45.bxc4 Rdxe5 46.Rxe5 Rxe5 47.Kc3 Kf3 48.Rf8+ Ke4 49.Rf1 g4
50.Re1+ Kf4 51.Rf1+ Kg5 52.Kd4 Rf5 53.Rc1 g3 54.c5 Kf4 55.c6 g2 56.c7 Rf8
57.Kc5 e5 58.Kd6 e4 59.Ke7 Rh8 {#R} 0-1

[Event "Memorial A.Rubinstein (open) (b)"]
[Site "Polanica Zdroj (Poland)"]
[Date "2012.08.19"]
[Round "2"]
[White "Smolka Marcin (POL)"]
[Black "Orzechowski Jacek (POL)"]
[Result "0-1"]
[WhiteElo "1991"]
[BlackElo "2243"]

1.e4 c6 2.d4 d5 3.Nc3 dxe4 4.Nxe4 Bf5 5.Ng3 Bg6 6.h4 h6 7.f4 e6 8.Nf3 Nd7
9.Bd3 Bxd3 10.Qxd3 Ngf6 11.Bd2 Qc7 12.Ne5 c5 13.c3 Rd8 14.Qf3 Bd6 15.O-O O-O
16.Ne2 cxd4 17.cxd4 Qc2 18.Bc3 Qe4 19.Ng3 Qxf3 20.Rxf3 Nd5 21.Ne4 Be7 22.g3 f5
23.Nd2 Nxe5 24.fxe5 g5 25.h5 g4 26.Rf2 Rc8 27.Rc1 Bg5 28.Kg2 b5 29.a3 a5 {#R}
0-1

[Event "Ch Russia (students) (w)"]
[Site "Uljanovsk (Russia)"]
[Date "2012.09.25"]
[Round "9"]
[White "Rjanova Valery (RUS)"]
[Black "Egorova Natalia (RUS)"]
[Result "1-0"]
[WhiteElo "2206"]
[BlackElo "1686"]

1.e4 c6 2.d4 d5 3.Nd2 dxe4 4.Nxe4 Bf5 5.Ng3 Bg6 6.h4 h6 7.f4 e6 8.Nf3 Bd6
9.Ne5 Bxe5 10.fxe5 Ne7 11.h5 Bh7 12.c3 Nf5 13.Ne4 Ke7 14.Bd3 Nxd4 15.cxd4 Qxd4
16.Qe2 Qxe5 17.Bd2 Bxe4 18.Bxe4 f5 19.Bb4+ Kf7 20.Bf3 Qxe2+ 21.Bxe2 Nd7 22.g4
f4 23.Rf1 e5 24.Bc4+ Kf6 25.O-O-O Nb6 26.Rd6+ Kg5 27.Rg6+ Kh4 28.Rf3 {#r} 1-0